| 000 | 00821cam a2200265 i 4500 | ||
|---|---|---|---|
| 001 | 18457496 | ||
| 003 | ARRUPE | ||
| 005 | 20151022123049.0 | ||
| 008 | 150121t20142013nyu 000 0 eng | ||
| 010 | _a 2014498724 | ||
| 020 | _a9780812982671 (trade pbk. : acidfree paper) | ||
| 040 |
_aDLC _beng _erda _cDLC _dDLC |
||
| 042 | _apcc | ||
| 050 | 0 | 0 |
_aPS3553.O47478 _bA6 2013 |
| 082 | 0 | 0 |
_a811/.54 _223 |
| 100 | 1 |
_aCollins, Billy. _920460 |
|
| 240 | 1 | 0 |
_aPoems. _kSelections |
| 245 | 1 | 0 |
_aAimless love : _bnew and selected poems / _cBilly Collins. |
| 250 | _aRandom House Trade Paperback edition. | ||
| 260 |
_aLondon _bPicador _c2013 |
||
| 300 |
_axix, 261 pages ; _c21 cm |
||
| 906 |
_a7 _bcbc _corignew _d2 _encip _f20 _gy-gencatlg |
||
| 942 |
_2lcc _cMONOGRAPH |
||
| 999 |
_c123587 _d123587 |
||